Unlocking the 2025 vision (Record no. 84620)
[ view plain ]
| 000 -LEADER | |
|---|---|
| fixed length control field | 00537cab a22001695a 4500 |
| 001 - CONTROL NUMBER | |
| control field | L158527 |
| 008 - FIXED-LENGTH DATA ELEMENTS--GENERAL INFORMATION | |
| fixed length control field | 150413e2015 xxk 000 0 eng d |
| 035 ## - SYSTEM CONTROL NUMBER | |
| System control number | (Sirsi) u158527 |
| 041 0# - LANGUAGE CODE | |
| Language code of text/sound track or separate title | eng |
| 100 1# - MAIN ENTRY--PERSONAL NAME | |
| Personal name | Green, Andy |
| 245 00 - TITLE STATEMENT | |
| Title | Unlocking the 2025 vision |
| 490 ## - SERIES STATEMENT | |
| Series statement | Construction Journal |
| Volume/sequential designation | April-May 2015, 6-8 (3) |
| 520 ## - SUMMARY, ETC. | |
| Summary, etc. | Applying the New Rules of Measurement (NRM3) during key stages of a project can bring major reductions in whole life costs. |
| 650 24 - SUBJECT ADDED ENTRY--TOPICAL TERM | |
| Topical term or geographic name entry element | Measurement |
| 9 (RLIN) | 6256 |
| 651 #4 - SUBJECT ADDED ENTRY--GEOGRAPHIC NAME | |
| Geographic name | United Kingdom |
| Chronological subdivision | |
| 942 ## - ADDED ENTRY ELEMENTS (KOHA) | |
| Suppress in OPAC | 0 |
| Withdrawn status | Lost status | Source of classification or shelving scheme | Damaged status | Not for loan | Home library | Current library | Shelving location | Date acquired | Total Checkouts | Full call number | Barcode | Date last seen | Copy number | Price effective from | Koha item type |
|---|---|---|---|---|---|---|---|---|---|---|---|---|---|---|---|
| Dewey Decimal Classification | London | London | Journals | 13/04/2015 | L158527 | 158527-1001 | 06/08/2019 | 1 | 06/08/2019 | Journal article |